| 000 | 004650000a22001690004500 | ||
|---|---|---|---|
| 003 | MACL | ||
| 005 | 20160106155519.0 | ||
| 008 | 160106b xxu||||| |||| 00| 0 eng d | ||
| 040 |
_aMACL _cMACL |
||
| 041 | _aEnglish | ||
| 082 | _a900/RHY | ||
| 100 |
_aCreasy, Sir Edward S _928865 |
||
| 245 | _aThe Fifteen Decisive Battles of the world from Marathon to Waterloo | ||
| 260 |
_bJ M Dent & Sons LTD _aLondon |
||
| 650 |
_aHistory _928866 |
||
| 942 |
_cBK _k900/RHY _2ddc |
||
| 999 |
_c37355 _d37355 |
||